Konkurenčná schopnosť exportu zo SR diplomová práca

Na minha lista:
Detalhes bibliográficos
Autor principal: Krátky, Matej
Autor Corporativo: Národohospodárska fakulta EU. Katedra hospodárskej politiky
Outros Autores: Fifeková, Elena
Formato: Livro
Idioma:eslovaco
Publicado em: Bratislava 2018
Tags: Adicionar Tag
Sem tags, seja o primeiro a adicionar uma tag!

MARC

LEADER 00000nbm a2200000 4500
001 0244209
005 20181126095141.3
041 0 |a slo 
044 |a SK 
245 1 0 |a Konkurenčná schopnosť exportu zo SR  |b diplomová práca  |c Matej Krátky ; školiteľ: Elena Fifeková 
264 1 |a Bratislava  |c 2018 
300 |a 58 s. 
100 1 |a Krátky, Matej 
700 1 |a Fifeková, Elena 
710 2 |a Národohospodárska fakulta EU. Katedra hospodárskej politiky